| 000 | 02202cam a2200517 a 4500 | ||
|---|---|---|---|
| 001 | ocm25508561 | ||
| 003 | OCoLC | ||
| 005 | 20241101132003.0 | ||
| 008 | 920225s1992 enk b 000 0 eng | ||
| 010 | _a 92004869 | ||
| 015 | _aGB93-2126 | ||
| 020 | _a0415069262 | ||
| 020 | _a0415069270 (pbk.) | ||
| 029 | 1 |
_aUKM _bb9302126 |
|
| 029 | 1 |
_aNLGGC _b094560714 |
|
| 029 | 1 |
_aYDXCP _b376535 |
|
| 029 | 1 |
_aYDXCP _b376536 |
|
| 029 | 1 |
_aNZ1 _b5048805 |
|
| 029 | 1 |
_aAU@ _b000009006538 |
|
| 035 |
_a(OCoLC)25508561 _z(OCoLC)27430204 |
||
| 040 |
_aDLC _cLOC _dWEA _dUKM _dBAKER _dNLGGC _dBTCTA _dLVB _dYDXCP _dU6G |
||
| 049 | _aU6GA | ||
| 050 | 0 | 0 | _aPN 4756/ETH |
| 082 | 0 | 0 |
_a174/.9097 _220 |
| 084 |
_a08.38 _2bcl |
||
| 084 |
_a05.02 _2bcl |
||
| 090 |
_aPN4756 _b.Et3 |
||
| 245 | 0 | 0 |
_aEthical issues in journalism and the media / _cedited by Andrew Belsey and Ruth Chadwick. |
| 260 |
_aLondon ; _aNew York : _bRoutledge, _c1992. |
||
| 300 |
_axiii, 179 p. ; _c22 cm. |
||
| 490 | 1 | _aProfessional ethics. | |
| 504 | _aIncludes bibliographical references (p. [171]-174) and index. | ||
| 505 | 0 | _aEthics and politics of the media : the quest for quality / Andrew Belsey and Ruth Chadwick -- Journalism in the market place / John O'Neill -- Owners, editors and journalists / Bruce Hanlin -- Freedom of speech, the media and the law / David Burnet -- Codes of conduct for journalists / Nigel G.E. Harris -- Privacy, publicity and politics / Andrew Belsey -- Honesty in investigative journalism / Jennifer Jackson -- Objectivity, bias and truth / Andrew Edgar -- Women and the press / Teresa Stratford -- The oxygen of publicity : terrorism and reporting restrictions / Paul Gilbert -- Something more important than truth : ethical issues in war reporting / Kevin Williams. | |
| 590 | _aagb/10/7/2009. | ||
| 650 | 0 | _aJournalistic ethics. | |
| 650 | 0 |
_aJournalism _xPhilosophy. |
|
| 650 | 0 |
_aJournalism _xObjectivity. |
|
| 650 | 0 | _aPrivacy, Right of. | |
| 650 | 0 |
_aMass media _xMoral and ethical aspects. |
|
| 700 | 1 | _aBelsey, Andrew. | |
| 700 | 1 | _aChadwick, Ruth F. | |
| 830 | 0 | _aProfessional ethics. | |
| 907 |
_a.b10752791 _da |
||
| 942 |
_2lcc _cBK |
||
| 998 |
_b13-07-09 _cm _da |
||
| 999 |
_c11324 _d11324 |
||